[Event "Bundesliga 0203"]
[Site "Germany"]
[Date "2002.11.16"]
[Round "3.2"]
[White "Nielsen, Peter Heine"]
[Black "Buhmann, Rainer"]
[Result "1-0"]
[WhiteElo "2620"]
[BlackElo "2527"]
[Annotator "Ribli,Z"]
[PlyCount "93"]
[EventDate "2002.10.19"]
[EventType "team-tourn"]
[EventRounds "15"]
[EventCountry "GER"]
[SourceTitle "CBM 093"]
[Source "ChessBase"]
[SourceDate "2003.04.01"]
[SourceVersion "1"]
[SourceVersionDate "2003.04.01"]
[SourceQuality "1"]
[WhiteTeam "Emsdetten Turm"]
[BlackTeam "Stuttgart"]
[WhiteTeamCountry "GER"]
[BlackTeamCountry "GER"]

1. d4 e6 2. Nf3 Nf6 3. c4 d5 4. Nc3 Nbd7 5. Bg5 Bb4 {Großmeister Buhmann
spielt gern die sogenannte Ragozin Variante des Damengambits.} 6. cxd5 exd5 7.
Qc2 {Das ist eine schlaue Zugfolge - Weiß spielt noch nicht 7.e3, weil in der
Variante 7...c5 der g5B nach d2 kommen kann. Mit diesem Zug hat Weiß gute
Chancen auf Eröffnungsvorteil.} O-O (7... c5 8. dxc5 h6 9. Bd2 $14) (7... h6 8.
Bh4 c5 9. e3 Qa5 10. Bd3 O-O 11. O-O c4 12. Bf5) 8. a3 Bxc3+ (8... Be7 9. e3
Re8 10. Bd3 c6 11. h3 Nf8 12. Bf4 Bd6 13. Bxd6 Qxd6 14. O-O Ng6 15. b4 a6 16.
Rfc1 Re7 17. Rab1 Bd7 18. Ne2 {1-0 Bischoff,K-Buhmann,R/Fuerth 2001/EXT 2002 
(64)}) 9. Qxc3 c6 (9... h6 10. Bh4 (10. Bf4) 10... c5 $5 (10... c6 11. Nd2 $5
Qe8 12. f3 Qe6 13. e3 Nb6 14. Bf2 Nh5 15. g4 Nf4 16. O-O-O Ng6 17. Bd3 Bd7 18.
Kb1 $14 {1/2-1/2 Karpov,A-Milov,V/Buenos Aires 2000/CBM 80/[Ribli] (38)}) 11.
dxc5 g5 12. Bg3 (12. Nxg5 $5 hxg5 13. Bxg5 Ne4 14. Bxd8 Nxc3 $13) 12... Ne4 $36
13. Qc2 Ndxc5 14. e3 Bd7 $1 15. Nd4 $6 (15. b4) 15... Ba4 16. Qe2 Ne6 $2 {
0-1 Postny,E-Milov,V/Moscow 2002/CBM 88/[Milov,V] (46)} (16... Bb3 $1)) 10. e3
{Das ist der natuerliche Entwicklungszug, aber der prophyilaktische Zug 10.Nd2
(gegen Ne4 gerichtet) kommt auch in Betracht.} (10. Nd2 $5 h6 11. Bh4 Qe8 (
11... g5 12. Bg3 Ne4 13. Nxe4 dxe4 14. h4 Nb6 15. hxg5 Nd5 16. Qc5 hxg5 17. e3
Re8 18. Bc4 Be6 19. Kd2 {1-0 Schlosser,P-Wirthensohn,H/Baden 2001/EXT 2002 (70)
}) 12. f3 Qe6 13. e3 b6 14. Be2 Re8 15. Bf2 c5 16. O-O $14 {1-0 Aronian,
L-Bagirov,R/Batumi 2002/CBM 90/[Ribli] (53)}) 10... Qe8 {Auf diese Weise
vermeidet Schwarz die Fesselung und bereitet den Zug Ne4 vor.} (10... h6 11.
Bh4 Qe8 12. Bd3 (12. Nd2 Ne4 13. Qc2 Nb6 14. Bd3 Bf5 15. Bg3 Qe6 16. O-O Rac8
17. Rfc1 Bg6 18. Nxe4 Bxe4 19. Qb3 Bxd3 20. Qxd3 f5 21. Qc3 g5 {0-1 Ruck,
R-Milov,V/Ohrid 2001/CBM 84 (79)}) 12... Ne4 13. Qc2 Nb6 14. O-O Bf5 15. a4 Qe6
16. Nd2 Nd6 17. Nb3 Bxd3 18. Qxd3 Nf5 19. Nc5 Qg6 20. Bg3 Nxg3 21. hxg3 Qxd3 {
1/2-1/2 Markos,J-Luther,T/Istanbul 2000/EXT 2001 (40)}) 11. Qc2 (11. Nd2 Ne4
12. Nxe4 {1/2-1/2 Garcia Ilundain,D-Giorgadze,G/Barcelona 2000/CBM 77 ext (12)}
) 11... Ne4 12. Bf4 Nb6 {Großmeister Tarrasch hat gesagt - "der Springer steht
immer schlecht auf b6". Nach meiner Meinung stellt der andere Springerzug 12...
Ndf6 die beste Möglichkeit für Schwarz dar.} (12... Qe7 13. Bd3 f5 14. h4 Ndf6
15. Ne5 {1-0 Van Wely,L-Giorgadze,G/Frankfurt 1999/EXT 2000 (59)}) (12... Ndf6
13. h3 Nh5 14. Be5 f6 15. Bh2 f5 16. Bd3 f4 17. O-O fxe3 18. fxe3 Nhf6 19. Ne5
Be6 20. b4 {1/2-1/2 Beliavsky,A-Delchev,A/Moscow 2001/CBM 86/[Kostakiev,D] (33)
}) 13. Bd3 Qe7 {Schwarz verbessert seine Damenstellung.} 14. O-O {Weiß hat das
Läuferpaar, was einen kleinen, aber dauerhafte Vorteil ergibt. Schwarz
kontrolliert das Feld e4, aber er hat wenige Chancen auf aktives Spiel.} Bf5
15. b4 $14 {[%mdl 32] Das ist der sogenannte Minoritäts-Angriff - Weiß kann im
Folgenden mit b4-b5 den schwarzen Damenflügel angreifen. Die Grundlage des
Minoritäts-Angriffs ist, dass Weiß die halboffene c-Linie kontrolliert.} h6 16.
h3 {Mit 15...h6 bereitet Schwarz den Zug Bh7 vor, nach 16.h3 hat Weiß eine
ähnliche Idee - Bh2.} (16. Nd2 $6 Nxd2 17. Qxd2 Bxd3 18. Qxd3 Nc4 $15 {[%csl
Gc4]}) (16. Ne5 $6 f6 17. Nf3 (17. Nxc6 $2 bxc6 18. f3 g5 $17) 17... g5 18. Bg3
Nxg3 19. hxg3 Bxd3 20. Qxd3 Qe4 $11) 16... Qe6 17. Nh4 $1 $36 Bh7 18. f3 g5 {
[%cal Rg5f4,Rg5h4] Dieser Zug führt zu großen Komplikationen, aber nach dem
passivem Springerzug 18...Nf6 bekommt Weiß starke Initiative.} (18... Nf6 19.
Nf5 $36 {[%csl Gf5]}) 19. Be5 f6 (19... gxh4 20. fxe4 dxe4 21. Bxe4 Bxe4 22.
Qxe4 Nd7 23. Rf5 $16) 20. Bh2 $6 {Weiß kommt mit dem Läufer zurück, aber nach
meiner Meinung wäre das Nehmen des Springers die bessere Möglichkeit.} (20.
fxe4 $1 fxe5 (20... dxe4 21. Bxe4 Bxe4 22. Qxe4 $18) 21. exd5 Bxd3 22. Qxd3
cxd5 (22... Rxf1+ {Mit diesem Zug Schwarz vermeidet das Motiv Ng6.} 23. Rxf1
cxd5 24. dxe5 $1 $36 gxh4 $2 25. Rf6 {[%csl Gd3,Gf6,Rg8]} Qe7 26. Rg6+ Kh8 27.
Rxh6+ Kg8 28. Qg6+ Qg7 29. Qe6+ $18) 23. Rxf8+ Rxf8 24. Ng6 $16 {[%cal Rg6e5,
Rg6f8]} (24. Qg6+ Qxg6 25. Nxg6 $16 {[%cal Rg6e5,Rg6f8]})) 20... f5 (20... gxh4
$5 21. fxe4 Bxe4 (21... dxe4 22. Be2 Nd5 23. Bc4 $44) 22. Bxe4 Qxe4 23. Qxe4
dxe4 24. Rf4 f5 (24... Nd5 25. Rxe4 Rae8 26. Rg4+ $1 Kh7 27. e4 f5 28. exf5
Rxf5 29. Be5 $14) 25. Rxh4 Rf6 $11) (20... Nc4 $5 {[%cal Rc4e3]} 21. Bxc4 Ng3
22. Ng6 (22. Qf2 $2 Nxf1 23. Bxf1 Rae8 $15) 22... Nxf1 23. Bxf1 Qxe3+ 24. Kh1
Qxd4 $13) 21. fxe4 dxe4 $6 (21... fxe4 $1 22. Be2 gxh4 23. Bf4 $44) 22. Be2 Nd5
(22... gxh4 23. Bf4 $44) 23. Bc4 f4 (23... gxh4 24. Qf2 Qf6 25. Be5 $36) 24.
Qf2 $1 Qe7 (24... fxe3 25. Qg3 Kh8 26. Bxd5 cxd5 27. Qc7 {[%cal Rh2e5,Re5h8]}
Kg8 28. Be5 Rf7 29. Rxf7 Qxf7 30. Qxf7+ Kxf7 31. Rf1+ Ke7 32. Nf5+ $18) (24...
gxh4 25. Bxf4 Qf6 26. b5 $16) 25. Rae1 Kh8 (25... fxe3 26. Qg3 e2 27. Rxf8+
Rxf8 28. Rxe2 Qg7 29. Rd2 gxh4 30. Qxh4 $14) 26. Bxd5 cxd5 27. Bxf4 (27. Qa2 $5
Qd7 (27... Qe6 28. Nf3 exf3 29. exf4 Qd7 30. fxg5 $16 {[%cal Rh2e5,Re5h8]}) 28.
Rc1 $16) 27... gxf4 28. exf4 {Nach großen Komplikationen hat Weiß endlich
einen Bauern gewonnen.} Rac8 (28... a5 29. f5 axb4 30. axb4 Qxb4 31. Rb1 Qe7
32. Qf4 $14) 29. f5 {[%csl Gf5]} Qf6 (29... Qg5 30. Re3 Rc4 31. Rg3 Qf6 32. Qf4
$40) 30. Kh1 {Mit dem Königszug bereitet Weiß den Damenzug 31.Qf4 vor, damit
der Pd4 nicht mit Schach hängt.} Rc3 31. Qf4 Re8 $2 (31... Rd3 $5 $132) 32.
Ng6+ {[%mdl 128]} Kg7 (32... Bxg6 33. Qxh6+ Kg8 34. fxg6 $18) 33. Ne5 {[%csl
Ge5] Der e5N steht ausgezeichnet, der h7B steht passiv.} Kh8 34. Ng4 Qg5 (34...
Qxd4 35. f6 $18) 35. Qd6 Rc6 36. Qd7 Rd8 (36... Rb8 37. Ne5 $18 {[%cal Re5f7,
Rf7g5,Re5c6]}) 37. Qxb7 {Weiß hat schon zwei Bauern mehr. Es gibt keine
Kompensation für Schwarz.} Rc2 38. f6 $18 h5 39. Ne3 Rc3 40. Qe7 (40. Qxa7 Rg8
41. f7 $18) 40... Rg8 41. Qe5 {[%cal Ge5h8,Ge5g5] Droht der Damentausch und
auch 42.f7+.} Qxe5 42. dxe5 {[%csl Ge5,Gf6] Die weißen verbundenen Bauern
entscheiden die Partie.} d4 43. f7 $1 {Weiß spielt elegant und beschäftigt
sich nicht mit dem Springer.} (43. Nf5 $18) 43... dxe3 44. e6 {[%cal Re6e7]}
Rc7 45. f8=Q (45. fxg8=Q+ Kxg8 46. Rxe3 $18 {[%cal Re3g3,Rg3g8]}) 45... Rxf8
46. Rxf8+ Kg7 47. Rf7+ (47. Rf7+ Rxf7 48. exf7 Kxf7 49. Rxe3 $18) 1-0

[Event "Bundesliga 0203"]
[Site "Germany"]
[Date "2002.12.15"]
[Round "6.3"]
[White "Kempinski, Robert"]
[Black "Tischbierek, Raj"]
[Result "1/2-1/2"]
[WhiteElo "2587"]
[BlackElo "2523"]
[Annotator "Ribli,Z"]
[PlyCount "84"]
[EventDate "2002.10.19"]
[EventType "team-tourn"]
[EventRounds "15"]
[EventCountry "GER"]
[SourceTitle "CBM 093"]
[Source "ChessBase"]
[SourceDate "2003.04.01"]
[SourceVersion "1"]
[SourceVersionDate "2003.04.01"]
[SourceQuality "1"]
[WhiteTeam "Hamburger SK"]
[BlackTeam "Kreuzberg"]
[WhiteTeamCountry "GER"]
[BlackTeamCountry "GER"]

1. d4 Nf6 2. c4 e6 3. Nc3 d5 4. Nf3 Bb4 5. cxd5 exd5 6. Bg5 Nbd7 7. e3 {
Das ist die klassische Fortsetzung. Im Folgenden kann Weiß Bd3 und Qc2 ziehen,
mit aktivem Spiel.} c5 8. Bd3 Qa5 9. Qc2 c4 10. Bf5 O-O 11. O-O Re8 12. Nd2 g6
{Schwarz muss so spielen, um den Bf5, der seine Entwicklung hemmt, zu verjagen.
} 13. Bxd7 Nxd7 14. h4 {Dieser Zug wird selten gespielt - Weiß verteidigt
zunächst den Bg5 (weil in einigen Varianten nach den Zügen e4 dxe4 hängt der
g5B), um dann die Stellung mit e3-e4 zu öffnen.} (14. f3) (14. Rae1) 14... Nb6
15. Nb3 {Eine sonderbare Fortsetzung. Der Springer strebt nach c5.} (15. f3
Bxc3 16. bxc3 Qa4 (16... Na4 17. Rac1 Bd7 18. e4 f5 19. Rfe1 Rac8 20. Nf1 dxe4
21. fxe4 fxe4 22. Rxe4 Bf5 23. Rxe8+ Rxe8 24. Qd2 Qb5 25. Ne3 $16 {Dautov,
R-Tischbierek,R/Bad Mergentheim/1991/}) (16... Bd7 17. e4 f5 18. Rfe1 $6 (18.
e5 $14) 18... Qa4 19. Qc1 dxe4 $1 20. fxe4 Qc6 21. e5 Nd5 $10 {Dautov,
R-Winants,L/Belgique/1992/}) 17. Qb1 Qa3 18. Rc1 Bd7 19. e4 Rac8 20. Nf1 dxe4
21. fxe4 f5 22. e5 Nd5 23. Qc2 f4 24. Qf2 b5 25. h5 Re6 26. Qf3 Bc6 27. Nd2 {
1-0 Pinter,J-Greenfeld,A/Beersheba 1991/CBM 25 (51)}) (15. e4 Bxc3 16. bxc3
dxe4 17. Nxe4 Nd5 18. Nf6+ Nxf6 19. Bxf6 Bf5 20. Qd2 Re6 21. Bg5 f6 22. Bh6 Qd5
{1/2-1/2 Cvitan,O-Palac,M/Pula 1993/EXT 99 (35)}) 15... Qa6 (15... cxb3 $2 16.
axb3 $18 {[%csl Ra5][%cal Ra1a5]}) 16. Nc5 Qa5 17. a4 {[%cal Gc3b5,Gb5c7,Gb5d6]
Statt dieser Fortsetzung kann Weiß, wenn er möchte, die Züge wiederholen. Mit
diesem Zug Weiß bereitet 18.Nb5 vor. Die andere Idee des Zuges 17.a4 ist -
wenn die Dame von a5 weicht, kann a5 geschehen.} (17. Nb3 Qa6 18. Nc5 Qa5 19.
Nb3 {1/2-1/2 Orsag,M-Sosonko,G/Aaland-Stockholm 1997/EXT 98 (19)}) (17. e4 $5)
17... Bf5 $11 {[%mdl 4] Schwarz hat das Läuferpaar und eine bequeme Stellung.
Wegen des Zugs 12...g6 ist seine Königsstellung geschwächt, aber Weiß hat
keine Drohungen.} 18. e4 {Dieser Zug scheint weniger logisch - der Gegner hat
das Läuferpaar und Weiß öffnet die Stellung.} (18. Qd1 Bxc5 19. dxc5 Qxc5 20.
a5 Nd7 21. Qxd5 Qxd5 22. Nxd5 Bd3 $13) 18... dxe4 (18... Bxe4 $5 19. N3xe4 dxe4
20. Nxe4 Nd5 $15 {[%csl Gd5]}) 19. Nxb7 Qa6 20. Nc5 Qc8 (20... Bxc5 21. dxc5 e3
{[%cal Rf5c2]} 22. Qc1 Nd7 (22... exf2+ 23. Rxf2 Nd7 24. Nd5 Rac8 25. Ne7+ Rxe7
26. Bxe7 Nxc5 27. Rxf5 gxf5 28. Bxc5 Rxc5 29. Qg5+ Qg6 30. Qd8+ Kg7 31. Qd4+
$18 {[%cal Rd4c5,Rd4g7]}) 23. Bxe3 Qc6 24. Nb5 Bd3 25. Rd1 Re4 $132 (25... Nxc5
$2 26. Bxc5 Qxc5 27. Rxd3 $18 {[%cal Gc1c5]})) 21. Qe2 (21. N5xe4 Qc6 (21...
Bxc3 $2 22. Nf6+ Kh8 23. Qxc3 $18) 22. f3 $11) 21... a5 $6 (21... Bxc5 22. dxc5
Qxc5 23. g4 Bc8 24. Nxe4 Nd7 $13) (21... Bg4 $5) 22. N5xe4 {[%mdl 2048] Weiß
hat einen Bauern mehr, aber Schwarz hat wegen seines aktiven Figurenspiels
Kompensation für den Bauern.} Nd7 (22... Bxe4 23. Nxe4 Nd5 $44) 23. f3 Qc6 {
[%csl Gc6]} 24. Qf2 $14 {Die weiße Dame vermeidet die Fesselung auf der
e-Linie.} (24. Rac1) 24... f6 $6 (24... Rab8 $44) 25. Bd2 (25. d5 Qa6 26. Bf4
$14) 25... Bxc3 26. Nxc3 Nb6 {[%csl Yd5][%cal Gb6d5] Der Springer zielt auf
das wichtige Zentrumsfeld d5.} 27. Rfe1 Nd5 28. Ne4 $1 {Weiß vermeidet den
Springertausch.} (28. Nxd5 Qxd5 $44) 28... Nb4 {[%cal Rb4d3,Rd3e1,Rd3f2]} 29.
Bxb4 axb4 30. d5 $1 Qa6 31. Rac1 $16 {Weiß hat einen Bauern mehr und die
aktivere Stellung.} (31. Qc5 $5 $16) 31... Bxe4 32. fxe4 Rac8 33. Qd4 {[%csl
Gd4]} c3 (33... Re5 34. Rf1 $16) 34. bxc3 (34. Qxb4 $5 Rc4 35. Qb5 Qa7+ 36. Kh2
Rcxe4 37. Rxe4 Rxe4 38. Rxc3 Rxh4+ 39. Kg3 Rxa4 40. d6 $16) 34... Rc4 35. Qd3
Rec8 (35... b3 36. a5 $16) 36. d6 bxc3 37. Qd5+ $6 (37. d7 $5 Rd8 38. Rxc3 Qa7+
39. Qe3 Rd4 (39... Qxe3+ 40. Rexe3 Rxc3 41. Rxc3 Rxd7 42. Ra3 $18) 40. Rc8 Qxd7
41. Rxd8+ Qxd8 42. Qc3 $16) 37... Kg7 38. e5 Qb6+ 39. Kh2 Qf2 (39... Rxh4+ 40.
Kg3 $16) 40. exf6+ Qxf6 $14 {Weiß hat zwar immernoch einen Bauern mehr, aber
der h4P und der a4P hängen in der Luft.} 41. Kg1 Rxh4 (41... R4c5 42. Qb7+ Kh6
43. Qe7 $16) 42. a5 Qd4+ (42... Qd4+ 43. Qxd4+ Rxd4 44. Re7+ Kf6 $1 (44... Kh6
45. d7 Rd8 (45... Rc5 46. a6 $1 Ra5 47. a7 $18) 46. Rxc3 R8xd7 47. Rh3+ Kg5 48.
Rhxh7 Rxe7 49. Rxe7 $16) 45. d7 Rc5 $1 (45... Rd8 46. Rxh7 R8xd7 47. Rxd7 Rxd7
48. Rxc3) 46. Rxh7 Rxa5 47. Rxc3 Rad5 {[%csl Rd7]} 48. Rc7 Ke6 $11) 1/2-1/2

[Event "Bundesliga 0203"]
[Site "Germany"]
[Date "2002.12.14"]
[Round "5.1"]
[White "Khenkin, Igor"]
[Black "Buhmann, Rainer"]
[Result "1-0"]
[WhiteElo "2603"]
[BlackElo "2527"]
[Annotator "Ribli,Z"]
[PlyCount "81"]
[EventDate "2002.10.19"]
[EventType "team-tourn"]
[EventRounds "15"]
[EventCountry "GER"]
[SourceTitle "CBM 093"]
[Source "ChessBase"]
[SourceDate "2003.04.01"]
[SourceVersion "1"]
[SourceVersionDate "2003.04.01"]
[SourceQuality "1"]
[WhiteTeam "Tegernsee"]
[BlackTeam "Stuttgart"]
[WhiteTeamCountry "GER"]
[BlackTeamCountry "GER"]

1. d4 e6 2. Nf3 Nf6 3. c4 d5 4. Nc3 Nbd7 5. cxd5 (5. Bf4 $5) 5... exd5 6. Bg5
Bb4 (6... Be7) 7. Qc2 O-O 8. e3 (8. a3 {Mit diesem Zug war Weiß erfolgreich
gegen Großmeister Buhmann in der 3. Runde der Bundesligasaison (Nielsen,
P-Buhmann,R).}) 8... c5 9. Be2 (9. Bd3) 9... Qa5 10. O-O Bxc3 {Ein
gewöhnliches Motiv in dieser Variante - Schwarz gibt das Läuferpaar auf und
möchte dafür die weißen Felder im Zentrum (besonders e4) kontrollieren.} (10...
h6 11. Bh4 c4 12. Nd2 Re8 13. Bf3 Bf8 14. b3 Bd6 15. Kh1 g5 16. Bxd5 Nxd5 17.
Nxc4 Qa6 18. Nxd5 Qc6 19. Bg3 b5 20. Nxd6 Qxc2 21. Nxe8 {1/2-1/2 San Segundo
Carrillo,P-Giorgadze,G/Moscow 1994/CBM 44 ext (76)}) (10... Re8 11. Nd2 (11.
Nxd5 $5 Nxd5 12. a3) 11... cxd4 12. Nb3 Qb6 13. Nxd4 Bxc3 14. bxc3 Ne4 15. Bf4
Qc5 {1/2-1/2 Bagaturov,G-Giorgadze,G/Ankara 1995/CBM 49 ext (15)}) 11. bxc3 $5
Re8 (11... c4 12. Nd2 Re8 13. Bf3 h6 14. Bh4 b5 15. a4 $1 g5 16. Bg3 g4 17.
axb5 Qxb5 18. Rfb1 Qc6 19. Bd1 {1-0 Kupfner,F-Pichler,G/Lienz 1988/EXT 97 (36)}
) (11... b6 $5 12. Nd2 cxd4 13. cxd4 Ba6 14. Nb3 Qa4 15. Bxa6 Qxa6 16. f3 h6
17. Bh4 Rac8 18. Qf2 Rfe8 19. Rae1 Qd3 {1/2-1/2 Brenninkmeijer,J-Gulko,B/
Groningen 1990/CBM 21 (38)}) (11... Ne4 $5 12. c4 cxd4 13. exd4 Nxg5 14. Nxg5
Nf6 15. c5 Bd7 16. Bd3 g6 {0-1 Gil Capape,J-Campora,D/Zaragoza 1992/TD (30)})
12. Nd2 Ne4 (12... c4 13. f3 h6 14. Bxf6 Nxf6 15. e4 $14) 13. Nxe4 dxe4 {
[%cal Ga5g5]} 14. d5 {[%csl Ge2,Gg5] Weiß hat das Läuferpaar und sein d-Bauern
ist scheinbar stark, aber Schwarz kann jetzt Gegenspiel finden.} (14. Bf4 $5
Nf6 15. c4 $14) (14. Bh4 $5 $14) 14... Qb6 $6 {[%cal Gb6g6] Schwarz bereitet
den Zug 15...Qg6 vor, aber die Alternative scheint mir aktiver.} (14... c4 $1
15. Bxc4 (15. Rfd1 Nb6 $132) 15... Nb6 16. Bb3 (16. Qb3 Bd7 $36) 16... Nxd5
$132) 15. Rfd1 $14 {[%csl Gd5][%cal Gd1d5][%mdl 32] Weiß befolgt eine einfache
Strategie - er möchte auf den d-Bauern drücken, was mit der Unterstützung des
Läuferpaars sehr stark ist.} Qg6 16. Bf4 Ne5 17. d6 Bf5 (17... Bd7 18. Rd5 $16)
18. Bb5 (18. Rd5 Nd3 $13) 18... Bd7 19. Rab1 {[%cal Gb1b7,Gd1d7]} Bxb5 20. Rxb5
b6 21. Bxe5 {Weiß muss den Springer tauschen, sonst kommt 21...Nd3 mit
besserem schwarzen Spiel.} Rxe5 22. Qa4 $1 {[%csl Ga4] Die Dame steht sehr
aktiv auf a4 und droht jetzt 23.Rxb6.} Ree8 23. Rb2 {[%cal Gb2d2]} Qe6 24. d7
Red8 25. Rbd2 {[%csl Gd7][%cal Gd1d7] Der d7P paralysiert die schwarze
Stellung. Anderseits es ist nicht leicht für Weiß weitere Fortschritte zu
erzielen. Hierzu bedarf es weitere Schwächen im schwarzen Lager.} Qe5 26. Rd5
Qe6 (26... Qxc3 27. Qxe4 $16) 27. Rd6 Qe5 28. R6d5 Qe6 29. Rd6 Qe5 30. c4 {
Weiß ist nicht zufrieden mit der Zugwiederholung.} g6 31. Qc6 {Nach diesem Zug
Schwarz muss immer mit das Motiv Qxa8 und d8Q rechnen.} Rab8 32. h4 a6 (32...
h5 $5) 33. a4 Kg7 (33... h5 $5) 34. h5 $1 Qxh5 $6 (34... Kh6 $14) 35. Qxe4 $16
Qf5 (35... Qe2 36. Qe7 Qxc4 37. e4 Qxa4 38. e5 Qg4 39. e6 Qf5 40. Rxb6 Ra8 41.
Re1 $1 c4 (41... a5 42. Rb3 $18) 42. Rxa6 Rab8 43. Ra3 $1 $18) 36. Qe7 (36.
Qxf5 gxf5 37. a5 bxa5 38. Rxa6 Rb7 39. Rxa5 Rbxd7 40. Rxd7 Rxd7 41. Rxc5 $16)
36... Qg4 (36... Qc2 37. e4 $1) 37. e4 {[%csl Ge4][%cal Ge4e5,Ge5e6]} h6 38. e5
$18 {[%mdl 128] Der Vormarsch des e-Bauern entscheidet die Partie. Schwarz hat
keine Verteidigung gegen den weißen Angriff am Königsflügel.} Qxc4 39. Qf6+ (
39. e6 $18) 39... Kh7 40. e6 fxe6 41. Rxe6 {[%csl Rh7]} 1-0

[Event "Sigeman & Co 10th"]
[Site "Malmo"]
[Date "2002.06.10"]
[Round "5"]
[White "Epishin, Vladimir"]
[Black "Luther, Thomas"]
[Result "1-0"]
[WhiteElo "2606"]
[BlackElo "2566"]
[Annotator "Ribli,Z"]
[PlyCount "83"]
[EventDate "2002.06.06"]
[EventType "tourn"]
[EventRounds "9"]
[EventCountry "SWE"]
[EventCategory "13"]
[SourceTitle "CBM 090"]
[Source "ChessBase"]
[SourceDate "2002.09.20"]
[SourceVersion "1"]
[SourceVersionDate "2002.09.20"]
[SourceQuality "1"]

1. d4 e6 2. c4 Nf6 3. Nf3 d5 4. Nc3 Bb4 5. cxd5 {Das ist die gewöhnlich
gespielte Fortsetzung.} exd5 6. Bg5 h6 {Das ist natürlich auch ein "normaler"
Zug, aber der deutsche Großmeister spielte in dieser Stellung immer 6...Nbd7.}
(6... Nbd7) 7. Bxf6 Qxf6 8. g3 $146 {[%mdl 8] Interessant, dass dieser
natürliche Zug noch nie gespielt wurde. Weiß möchte mit Bg2 und 0-0 die
Entwicklung beenden.} (8. Qa4+ Nc6 9. e3) 8... c6 (8... c5 $5 9. Bg2 (9. dxc5
Bxc3+ 10. bxc3 Qxc3+ 11. Nd2 O-O $15) 9... Nc6 10. O-O Be6 (10... Bxc3 11. bxc3
O-O)) 9. Bg2 O-O 10. O-O Re8 (10... Bf5 11. Ne5 Nd7 12. f4 $14) (10... Bd6 {
Mit der Idee 11.Ne5 zu verhindern.} 11. e4 dxe4 12. Nxe4 Qe7 13. Re1 $14) 11.
Ne5 Nd7 12. f4 $14 {[%csl Ge5] Weiß hat eine starke Springerstellung auf e5
und es ist noch nicht klar, wie Schwarz seinen weißfeldrigen Läufer entwickeln
kann. In dieser Stellung ist das schwarze Läuferpaar nicht viel wert.} Qe7 {
[%cal Gd7f6] Schwarz macht den Platz auf f6 für den Springer frei.} (12... Qd8
$142 $5 13. e4 Nxe5 14. fxe5 (14. dxe5 $2 d4 $17) 14... dxe4 15. Nxe4 Be6) 13.
e4 dxe4 (13... Bxc3 $142 $5 14. bxc3 dxe4 15. Bxe4 Nf6 (15... Nf8) 16. Bg2 Be6
$132) 14. Nxe4 Nf6 (14... Nf8 15. f5 $36) (14... Nb6 15. f5 $36) (14... Rd8 $5
15. Qb3 Nf8) 15. Nxf6+ gxf6 $2 {Schwarz möchte sich von dem starken
e5-Springer befreien -, aber um jeden Preis? Die schwarze Köenigsstellung wird
nun schwer geschwächt.} (15... Qxf6 16. Qb3 (16. d5 cxd5 $11 (16... Rd8 $6 17.
Qb3 c5 18. Rad1 $14)) 16... Ba5 17. d5 Bb6+ 18. Kh1 cxd5 19. Bxd5 Be6 $11) 16.
a3 {Mit diesem Zug kompliziert Weiß das Spiel.} (16. Nc4 $14) (16. Ng4 $14)
16... fxe5 (16... Bd6 17. Nc4 $14) (16... Ba5 17. Nc4 $14) 17. axb4 exd4 $2 (
17... e4 18. f5 $36) (17... Qxb4 18. dxe5 Qxb2 19. Qh5 Kg7 20. Kh1 $1 $44 {
Mit diesem prophylaktischen Zug bringt Weiß seinen König in eine ruhige
Stellung und dann kann er mit f4-f5 angreifen.}) 18. Qxd4 {[%csl Gd4]} Qe3+ (
18... a6 19. f5 $14 {[%csl Rc8]}) 19. Qxe3 Rxe3 20. f5 {[%mdl 4096] Das
Material ist reduziert, aber Weiß hat Angriffschancen am Königsflügel.} Re5 {
Mit diesem Zug provoziert Schwarz den Zug 21.g4, was günstig für Weiß ist.} (
20... Rb3 21. Rad1 $36) (20... Bd7 21. Rad1 Be8) 21. g4 Bd7 22. Rad1 Be8 23.
Rd6 {[%csl Gd6]} a5 $6 {Schwarz will die a-Linie öffnen, aber Weiß hat schon
gefährliche Drohungen am Königsflügel.} (23... Kg7 $142 24. h4 f6 $14) 24. Rxh6
axb4 25. f6 $1 $40 {Die weiße Idee ist klar - Rf3 und Rfh3 spielen.} c5 (25...
Ra2 26. Rf3 Re1+ 27. Bf1 Re4 28. Rh4 $18) 26. Rf3 Rg5 27. Rfh3 Kf8 28. Rh8+ Rg8
29. Be4 Ra1+ (29... Ra2 $4 30. Rxg8+ Kxg8 31. Bh7+ Kf8 32. Bb1 $18) 30. Kf2 Ra2
31. Ke3 (31. Rxg8+ Kxg8 32. Bh7+ Kf8 33. Bb1 Rxb2+ 34. Ke3 Kg8 35. Bh7+ $11)
31... Rxb2 32. R3h7 $1 {Weiß hat eine neue Drohung - den Vormarsch des
g-Bauern.} c4 $6 $138 (32... Bc6 $142 33. Bf5 Bd5 34. g5 (34. Rxg8+ Kxg8 35.
Rg7+ Kf8) 34... Rb3+ 35. Kf4 b5) 33. g5 Rb3+ (33... Bc6 34. g6 $18) 34. Kd4 b5
35. h4 (35. Bf5 $1 $18) 35... Rg3 36. Rxg8+ Kxg8 37. Rg7+ Kh8 (37... Kf8 38.
Bh7 $18 {[%csl Rf8]}) 38. g6 fxg6 39. Re7 Bc6 $2 (39... Kg8 40. Rxe8+ (40. Bd5+
Kf8 41. Rh7 Rd3+ 42. Ke5 Rxd5+ 43. Kxd5 Bf7+ $19) 40... Kf7 41. Re5 Kxf6 42.
Rxb5 Rg4 $14 {Schwarz kann den letzten weißen Bauern nehmen, wonach ein
Endspiel R + B gegen R entsteht, welches bei guter Verteidigung Remis ist.})
40. Bxc6 $18 b3 41. Re8+ Kh7 42. f7 1-0